Керамические композиционные материалы с высокой трещиностойкостью на основе карбида, оксида и борида циркония: автореферат диссертации на соискание ученой степени кандидата технических наук; спец. 2.6.17

গ্রন্থ-পঞ্জীর বিবরন
প্রধান লেখক: Мировой Ю. А. Юрий Александрович
সংস্থা লেখক: Российская академия наук Сибирское отделение Институт физики прочности и материаловедения (570), Национальный исследовательский Томский политехнический университет
অন্যান্য লেখক: Буякова С. П. Светлана Петровна (научный руководитель)
সংক্ষিপ্ত:Защита сост. 22.12.2023 г.
ভাষা:রুশ
প্রকাশিত: Томск, 2023
বিষয়গুলি:
বিন্যাস: গ্রন্থ
KOHA link:https://koha.lib.tpu.ru/cgi-bin/koha/opac-detail.pl?biblionumber=669793

MARC

LEADER 00000nam0a2200000 4500
001 669793
005 20250409104010.0
090 |a 669793 
100 |a 20231130d2023 k||y0rusy50 ca 
101 0 |a rus 
102 |a RU 
105 |a a dm 001yy 
181 0 |a i   |b  e  
182 0 |a n 
183 0 |a nc  |2 RDAcarrier 
200 1 |a Керамические композиционные материалы с высокой трещиностойкостью на основе карбида, оксида и борида циркония  |e автореферат диссертации на соискание ученой степени кандидата технических наук   |e спец. 2.6.17  |f Мировой Юрий Александрович  |g Институт физики прочности и материаловедения СО РАН ; Национальный исследовательский Томский политехнический университет ; науч. рук. С. П. Буякова 
203 |a Текст  |b визуальный  |c непосредственный 
210 1 |a Томск  |d 2023 
215 |a 18 с.  |c ил. 
283 |a volume  |2 RDAcarrier 
300 |a Защита сост. 22.12.2023 г. 
320 |a Библиогр.: с. 17-18 (8 назв.) 
606 1 |a Композитные материалы  |9 70403 
610 1 |a авторефераты диссертаций 
610 1 |a керамические композиты 
610 1 |a керамические композиционные материалы 
610 1 |a трещиностойкость 
610 1 |a карбид циркония 
610 1 |a оксид циркония 
610 1 |a борид циркония 
610 1 |a цирконий 
610 1 |a труды учёных ТПУ 
675 |a 620.22-419.8(04)  |v 4 
686 |2 oksvnk  |a 05.16.09 
700 1 |a Мировой  |b Ю. А.  |c специалист в области материаловедения  |c ассистент кафедры Томского политехнического университета  |f 1992-  |g Юрий Александрович  |9 21181 
702 1 |a Буякова  |b С. П.  |g Светлана Петровна  |c специалист в области материаловедения  |c профессор Томского политехнического университета, доктор технических наук  |f 1968-  |4 727  |9 13716 
712 0 2 |a Российская академия наук  |b Сибирское отделение  |b Институт физики прочности и материаловедения  |c (Томск)  |4 570  |9 23312 
712 0 2 |a Национальный исследовательский Томский политехнический университет  |c (2009- )  |4 570  |9 26305 
801 0 |a RU  |b 63413507  |c 20240130 
942 |c BK